header

Two books of the Elements of universal jurisprudence (Record no. 205096)

MARC details
000 -LEADER
fixed length control field 02034nam a2200445 a 4500
082 04 - DEWEY DECIMAL CLASSIFICATION NUMBER
Classification number 340/.112
100 1# - MAIN ENTRY--AUTHOR NAME
Personal name Pufendorf, Samuel,
245 10 - TITLE STATEMENT
Title Two books of the Elements of universal jurisprudence
260 ## - PUBLICATION, DISTRIBUTION, ETC. (IMPRINT)
Place of publication Indianapolis :
Name of publisher Liberty Fund,
Year of publication 2009.
300 ## - PHYSICAL DESCRIPTION
Number of Pages xxii, 425 p. :
Other physical details ill.
490 1# - SERIES STATEMENT
Series statement The works of Samuel Pufendorf
500 ## - GENERAL NOTE
General note Originally published: Elementorum jurisprudentiae universalis libri duo. Oxford : Clarendon Press ; London : H. Milford, 1931.
650 #0 - SUBJECT ADDED ENTRY--TOPICAL TERM
Topical Term Natural law.
Topical Term Law
700 1# - ADDED ENTRY--PERSONAL NAME
Personal name Oldfather, William Abbott,
Personal name Behme, Thomas.
856 40 - ELECTRONIC LOCATION AND ACCESS
Uniform Resource Identifier http://site.ebrary.com/lib/rucke/Doc?id=10613486

No items available.

© 2026 Rongo University
Contact us: librarian | system librarian | Rongo university